Аномальные пластовые давления. Их значение при поисках, разведке и разработке ресурсов нефти и газа: пер. с англ.

Bibliografiset tiedot
Päätekijä: Фертль У. Х.
Kieli:venäjä
Julkaistu: Москва, Недра, 1980
Aiheet:
Aineistotyyppi: Kirja
KOHA link:https://koha.lib.tpu.ru/cgi-bin/koha/opac-detail.pl?biblionumber=373598

MARC

LEADER 00000nam0a2200000 4500
001 373598
005 20231102012600.0
020 |a RU  |b 80-55432 
035 |a (RuTPU)RU\TPU\retro\31028 
035 |a RU\TPU\book\247921 
090 |a 373598 
100 |a 20221216d1980 k y0rusy5003 ca 
101 1 |a rus  |c eng 
102 |a RU 
105 |a a z 001zy 
200 1 |a Аномальные пластовые давления. Их значение при поисках, разведке и разработке ресурсов нефти и газа  |e пер. с англ.  |f У. Х. Фертль 
210 |a Москва  |c Недра  |d 1980 
215 |a 398 с.  |c ил. 
606 1 |a Нефтяные месторождения  |x Системы разработки  |2 stltpush  |3 (RuTPU)RU\TPU\subj\45964  |9 65153 
610 1 |a пластовые давления 
610 1 |a понятия 
610 1 |a глинистые отложения 
610 1 |a уплотнение 
610 1 |a обнаружение 
610 1 |a геофизические методы 
610 1 |a бурение 
610 1 |a шлам 
610 1 |a промысловая геофизика 
675 |a 622.276.2  |z rus  |v 3 
700 1 |a Фертль  |b У. Х.  |4 070 
801 0 |a RU  |b RuMRKP  |c 19950704  |g psbo 
801 1 |a RU  |b 63413507  |c 20121206 
801 2 |a RU  |b 63413507  |c 20221216  |g RCR 
942 |c BK